<?xml version="1.0" encoding="UTF-8"?>
<record
    xmlns:xsi="http://www.w3.org/2001/XMLSchema-instance"
    xsi:schemaLocation="http://www.loc.gov/MARC21/slim http://www.loc.gov/standards/marcxml/schema/MARC21slim.xsd"
    xmlns="http://www.loc.gov/MARC21/slim">

  <leader>02468nam0a2200433 i 4500</leader>
  <controlfield tag="001">RU\NLR\BIBL_A\010713926</controlfield>
  <controlfield tag="005">20241213005614.0</controlfield>
  <datafield tag="010" ind1=" " ind2=" ">
    <subfield code="a">978-5-91608-110-7</subfield>
    <subfield code="9">500</subfield>
  </datafield>
  <datafield tag="021" ind1=" " ind2=" ">
    <subfield code="a">RU</subfield>
    <subfield code="b">2015-8837</subfield>
    <subfield code="9">550</subfield>
  </datafield>
  <datafield tag="035" ind1=" " ind2=" ">
    <subfield code="a">(NILC)RuMoRGB-007868595</subfield>
  </datafield>
  <datafield tag="035" ind1=" " ind2=" ">
    <subfield code="a">(NLR Aleph) 010713926</subfield>
  </datafield>
  <datafield tag="090" ind1=" " ind2=" ">
    <subfield code="a">9787564</subfield>
    <subfield code="c">9787564</subfield>
  </datafield>
  <datafield tag="100" ind1=" " ind2=" ">
    <subfield code="a">20150403d2013    k  y0rusy50      ca</subfield>
  </datafield>
  <datafield tag="101" ind1="0" ind2=" ">
    <subfield code="a">bak</subfield>
    <subfield code="a">rus</subfield>
  </datafield>
  <datafield tag="102" ind1=" " ind2=" ">
    <subfield code="a">RU</subfield>
  </datafield>
  <datafield tag="105" ind1=" " ind2=" ">
    <subfield code="a">y|||e|||000yy</subfield>
  </datafield>
  <datafield tag="200" ind1="1" ind2=" ">
    <subfield code="a">&#x411;&#x430;&#x448;&#x43A;&#x438;&#x440;&#x441;&#x43A;&#x43E;-&#x440;&#x443;&#x441;&#x441;&#x43A;&#x438;&#x439; &#x441;&#x43B;&#x43E;&#x432;&#x430;&#x440;&#x44C; &#x442;&#x435;&#x440;&#x43C;&#x438;&#x43D;&#x43E;&#x432; &#x442;&#x43A;&#x430;&#x447;&#x435;&#x441;&#x442;&#x432;&#x430; &#x438; &#x440;&#x443;&#x43A;&#x43E;&#x434;&#x435;&#x43B;&#x438;&#x44F;</subfield>
    <subfield code="d">&#x411;&#x430;&#x448;&#x43A;&#x43E;&#x440;&#x442;&#x441;&#x430;-&#x443;&#x440;&#x44B;&#xE7;&#x441;&#x430; &#x442;&#x443;&#x43A;&#x44B;&#x443;&#x441;&#x44B;&#x43B;&#x44B;&#x43A; &#x4BB;&#x4D9;&#x43C; &#x43A;&#x443;&#x43B; &#x4D9;&#x448;&#x442;&#x4D9;&#x440;&#x435; &#x442;&#x435;&#x440;&#x43C;&#x438;&#x43D;&#x434;&#x430;&#x440;&#x44B; &#x4BB;&#x4AF;&#x437;&#x43B;&#x435;&#x433;&#x435;</subfield>
    <subfield code="e">&#x43B;&#x435;&#x43A;&#x441;&#x438;&#x43A;&#x430; &#x43C;&#x430;&#x442;&#x435;&#x440;&#x438;&#x430;&#x43B;&#x44C;&#x43D;&#x43E;&#x439; &#x438; &#x434;&#x443;&#x445;&#x43E;&#x432;&#x43D;&#x43E;&#x439; &#x43A;&#x443;&#x43B;&#x44C;&#x442;&#x443;&#x440;&#x44B;</subfield>
    <subfield code="e">[&#x43E;&#x43A;&#x43E;&#x43B;&#x43E; 2700 &#x442;&#x435;&#x440;&#x43C;&#x438;&#x43D;&#x43E;&#x432;]</subfield>
    <subfield code="f">&#x420;.&#x41D;. &#x41A;&#x430;&#x440;&#x438;&#x43C;&#x43E;&#x432;&#x430;</subfield>
    <subfield code="g">&#x420;&#x43E;&#x441;. &#x430;&#x43A;&#x430;&#x434;. &#x43D;&#x430;&#x443;&#x43A;, &#x443;&#x444;&#x438;&#x43C;. &#x43D;&#x430;&#x443;&#x447;. &#x446;&#x435;&#x43D;&#x442;&#x440;, &#x418;&#x43D;-&#x442; &#x438;&#x441;&#x442;&#x43E;&#x440;&#x438;&#x438;, &#x44F;&#x437;. &#x438; &#x43B;&#x438;&#x442;.</subfield>
    <subfield code="z">bak</subfield>
  </datafield>
  <datafield tag="210" ind1=" " ind2=" ">
    <subfield code="a">&#x423;&#x444;&#x430;</subfield>
    <subfield code="c">[&#x431;. &#x438;.]</subfield>
    <subfield code="d">2013</subfield>
  </datafield>
  <datafield tag="215" ind1=" " ind2=" ">
    <subfield code="a">121 &#x441;.</subfield>
    <subfield code="d">20</subfield>
  </datafield>
  <datafield tag="300" ind1=" " ind2=" ">
    <subfield code="a">&#x410;&#x432;&#x442;. &#x442;&#x430;&#x43A;&#x436;&#x435; &#x43D;&#x430; &#x431;&#x430;&#x448;&#x43A;. &#x44F;&#x437;.: &#x420;.&#x41D;. &#x41A;&#x4D9;&#x440;&#x438;&#x43C;&#x43E;&#x432;&#x430;</subfield>
  </datafield>
  <datafield tag="510" ind1="1" ind2=" ">
    <subfield code="6">z33790</subfield>
    <subfield code="a">&#x411;&#x430;&#x448;&#x43A;&#x43E;&#x440;&#x442;&#x441;&#x430;-&#x443;&#x440;&#x44B;&#xE7;&#x441;&#x430; &#x442;&#x443;&#x43A;&#x44B;&#x443;&#x441;&#x44B;&#x43B;&#x44B;&#x43A; &#x4BB;&#x4D9;&#x43C; &#x43A;&#x443;&#x43B; &#x4D9;&#x448;&#x442;&#x4D9;&#x440;&#x435; &#x442;&#x435;&#x440;&#x43C;&#x438;&#x43D;&#x434;&#x430;&#x440;&#x44B; &#x4BB;&#x4AF;&#x437;&#x43B;&#x435;&#x433;&#x435;</subfield>
    <subfield code="z">bak</subfield>
  </datafield>
  <datafield tag="606" ind1="1" ind2=" ">
    <subfield code="a">&#x411;&#x430;&#x448;&#x43A;&#x438;&#x440;&#x441;&#x43A;&#x438;&#x439; &#x44F;&#x437;&#x44B;&#x43A;</subfield>
    <subfield code="x">&#x422;&#x435;&#x440;&#x43C;&#x438;&#x43D;&#x43E;&#x43B;&#x43E;&#x433;&#x438;&#x44F; &#x442;&#x43A;&#x430;&#x447;&#x435;&#x441;&#x442;&#x432;&#x430;</subfield>
    <subfield code="x">&#x421;&#x43B;&#x43E;&#x432;&#x430;&#x440;&#x438;</subfield>
    <subfield code="x">&#x420;&#x443;&#x441;&#x441;&#x43A;&#x438;&#x439; &#x44F;&#x437;&#x44B;&#x43A;</subfield>
    <subfield code="9">2234645</subfield>
    <subfield code="3">RU\NLR\AUTH\6601573190</subfield>
  </datafield>
  <datafield tag="606" ind1="1" ind2=" ">
    <subfield code="a">&#x411;&#x430;&#x448;&#x43A;&#x438;&#x440;&#x441;&#x43A;&#x438;&#x439; &#x44F;&#x437;&#x44B;&#x43A;</subfield>
    <subfield code="x">&#x422;&#x435;&#x440;&#x43C;&#x438;&#x43D;&#x43E;&#x43B;&#x43E;&#x433;&#x438;&#x44F; &#x440;&#x443;&#x43A;&#x43E;&#x434;&#x435;&#x43B;&#x438;&#x44F;</subfield>
    <subfield code="x">&#x421;&#x43B;&#x43E;&#x432;&#x430;&#x440;&#x438;</subfield>
    <subfield code="x">&#x420;&#x443;&#x441;&#x441;&#x43A;&#x438;&#x439; &#x44F;&#x437;&#x44B;&#x43A;</subfield>
    <subfield code="9">2234643</subfield>
    <subfield code="3">RU\NLR\AUTH\6601573189</subfield>
  </datafield>
  <datafield tag="606" ind1="1" ind2=" ">
    <subfield code="a">&#x420;&#x443;&#x43A;&#x43E;&#x434;&#x435;&#x43B;&#x438;&#x435;</subfield>
    <subfield code="j">&#x422;&#x435;&#x440;&#x43C;&#x438;&#x43D;&#x43E;&#x43B;&#x43E;&#x433;&#x438;&#x447;&#x435;&#x441;&#x43A;&#x438;&#x435; &#x441;&#x43B;&#x43E;&#x432;&#x430;&#x440;&#x438;</subfield>
    <subfield code="9">1538148</subfield>
    <subfield code="3">RU\NLR\AUTH\66971683</subfield>
  </datafield>
  <datafield tag="606" ind1="1" ind2=" ">
    <subfield code="a">&#x422;&#x43A;&#x430;&#x446;&#x43A;&#x43E;&#x435; &#x43F;&#x440;&#x43E;&#x438;&#x437;&#x432;&#x43E;&#x434;&#x441;&#x442;&#x432;&#x43E;</subfield>
    <subfield code="j">&#x422;&#x435;&#x440;&#x43C;&#x438;&#x43D;&#x43E;&#x43B;&#x43E;&#x433;&#x438;&#x447;&#x435;&#x441;&#x43A;&#x438;&#x435; &#x441;&#x43B;&#x43E;&#x432;&#x430;&#x440;&#x438;</subfield>
    <subfield code="9">1096471</subfield>
    <subfield code="3">RU\NLR\AUTH\66111635</subfield>
  </datafield>
  <datafield tag="686" ind1="1" ind2=" ">
    <subfield code="a">&#x41C;48&#x44F;212.2</subfield>
  </datafield>
  <datafield tag="686" ind1="1" ind2=" ">
    <subfield code="a">&#x41C;304&#x44F;212.2</subfield>
  </datafield>
  <datafield tag="686" ind1="1" ind2=" ">
    <subfield code="a">&#x428;163.22-434.1</subfield>
  </datafield>
  <datafield tag="686" ind1="1" ind2=" ">
    <subfield code="a">&#x428;141.12-434.2</subfield>
  </datafield>
  <datafield tag="700" ind1=" " ind2="1">
    <subfield code="a">&#x41A;&#x430;&#x440;&#x438;&#x43C;&#x43E;&#x432;&#x430;</subfield>
    <subfield code="b">&#x420;. &#x41D;.</subfield>
    <subfield code="g">&#x420;&#x430;&#x43C;&#x438;&#x43B;&#x44F; &#x41D;&#x438;&#x433;&#x43C;&#x430;&#x442;&#x44C;&#x44F;&#x43D;&#x43E;&#x432;&#x43D;&#x430;</subfield>
    <subfield code="9">144260</subfield>
    <subfield code="3">RU\NLR\AUTH\770144296</subfield>
  </datafield>
  <datafield tag="790" ind1=" " ind2="1">
    <subfield code="7">ca</subfield>
    <subfield code="8">bak</subfield>
    <subfield code="a">&#x41A;&#x4D9;&#x440;&#x438;&#x43C;&#x43E;&#x432;&#x430;</subfield>
    <subfield code="b">&#x420;. &#x41D;.</subfield>
    <subfield code="g">&#x420;&#x4D9;&#x43C;&#x438;&#x43B;&#x4D9; &#x41D;&#x438;&#x493;&#x4D9;&#x43C;&#x4D9;&#x442;&#x439;&#x4D9;&#x43D; &#x43A;&#x44B;&#x437;&#x44B;</subfield>
    <subfield code="9">144265</subfield>
    <subfield code="3">RU\NLR\AUTH\770144301</subfield>
  </datafield>
  <datafield tag="801" ind1=" " ind2="0">
    <subfield code="a">RU</subfield>
    <subfield code="b">&#x420;&#x413;&#x411;</subfield>
    <subfield code="c">20150216</subfield>
    <subfield code="g">RCR</subfield>
  </datafield>
  <datafield tag="801" ind1=" " ind2="1">
    <subfield code="a">RU</subfield>
    <subfield code="b">&#x420;&#x413;&#x411;</subfield>
    <subfield code="c">20150216</subfield>
    <subfield code="2">rusmarc</subfield>
  </datafield>
  <datafield tag="852" ind1=" " ind2=" ">
    <subfield code="a">NLR</subfield>
    <subfield code="b">&#x41E;&#x41D;&#x41B;</subfield>
    <subfield code="j">&#x411;&#x430;&#x448;&#x43A;./2-4973</subfield>
  </datafield>
  <datafield tag="942" ind1=" " ind2=" ">
    <subfield code="c">BOOK</subfield>
  </datafield>
  <datafield tag="980" ind1=" " ind2=" ">
    <subfield code="a">NBR</subfield>
  </datafield>
</record>
